| 000 | 00352nam a22001457a 4500 | ||
|---|---|---|---|
| 008 | 210427b ||||| |||| 00| 0 eng d | ||
| 020 | _a9781305661998 | ||
| 041 | _aeng | ||
| 080 | _a330.722.6 | ||
| 082 | _a330.722.6 | ||
| 100 | _a61 | ||
| 101 | _aKF | ||
| 245 |
_aFinancial Accounting The Impact on Decision Makers _cPorter,G.A |
||
| 942 |
_2udc _cBK |
||
| 999 |
_c56823 _d56823 |
||